01369nab a22002417a 4500003000400000005001700004008004100021040000700062100002200069245009800091260007300189300001500262500006900277505027200346505015200618505008900770650002900859650002600888650002500914650002900939650002700968773013200995OSt20251226215835.0190603e xxum|||| |||| 00| 0 spa d cPJ aLovece, Graciela 13aEl error de diagnóstico, la concausa y la responsabilidad profesional / cGraciela Lovece.  cCiudad Autónoma de Buenos Aires :aThomson Reuters La Ley, b2025. ap. 242-248 aCita: TR LALEY AR/DOC/51/2025 Publicado en: RCCyC 2025 (junio). aSumario: I. Introducción.— II. Los hechos del caso.— III. Las etapas diagnósticas y el error.— IV. La responsabilidad profesional e institucional.— V. Las dificultades probatorias.— VI. La duración del proceso y el criterio de razonabilidad judicial.  aFallo comentado: CNCiv., sala J ~ 02/09/2024 ~ C. de B., A. M. y otros c. A., L. G. y otros s/ daños y perjuicios - resp. prof. médicos y aux. t¿Te interesa el texto completo? Solicitalo al correo: koha@justierradelfuego.gov.ar 0aCODIGO CIVIL Y COMERCIAL 0aRESPONSABILIDAD CIVIL 0aDAÑOS Y PERJUICIOS 0aRESPONSABILIDAD MÉDICA 0aDIAGNÓSTICO MÉDICO0 02713dCiudad Autónoma de Buenos Aires : Thomson Reuters La Ley, 2015-tRevista Código Civil y Comercial. Nº 3 - Junio 2025